El heroico Colegio Militar en la historia de Mexico.

Bibliographic Details
Main Author: Chavarri, Juan N.
Format: Book
Language:Spanish
Published: [Mexico] : Libro Mex, 1960.
Subjects:

MARC

Tag First Indicator Second Indicator Subfields
LEADER 00000cam a2200000 4500
001 in00000069014
005 20151008051352.0
008 720308s1960 mx b 00000 spa u
010 |a  61029656  
035 |a (OCoLC)00259421 
035 |9 AAG7441AM 
040 |c ANC  |d TXA  |d UtOrBLW 
049 |a TXAM  |c [342421] 
050 0 |a F1227.5  |b .C5 
092 |a 355.071172  |b M611h 
100 1 |a Chavarri, Juan N. 
245 1 3 |a El heroico Colegio Militar en la historia de Mexico. 
264 1 |a [Mexico] :  |b Libro Mex,  |c 1960. 
300 |a 346p :  |b illustrations ;  |c 21 cm. 
336 |a text  |b txt  |2 rdacontent 
337 |a unmediated  |b n  |2 rdamedia 
338 |a volume  |b nc  |2 rdacarrier 
504 |a "Apendice: Coleccion de documentos": pages [289]-340. 
504 |a Includes bibliography. 
610 1 0 |a Mexico (City).  |b Colegio Militar. 
651 0 |a Mexico  |x History, Military. 
999 |a MARS 
999 f f |s 78492fce-42bc-3d53-addb-a340db7a6b3b  |i 6503c9fd-b954-3e6d-bfe1-4236d3c474f5  |t 0 
952 f f |p ric  |a Texas A&M University  |b Rellis Campus  |c Joint Library Facility  |d Remote Storage  |t 0  |e F1227.5 .C5  |h Library of Congress classification  |i unmediated -- volume  |m A14800803031 
998 f f |a F1227.5 .C5  |t 0  |l Remote Storage